000 00459cam a22001457a 4500
008 180718b1996 xxu||||| |||| 00| 0 eng d
082 _aAPPPA 95-96 MIT
100 _aMittal, K.B.L.
245 _aImpact of modernisation on manpower development in Railways
_cby K.B.L Mittal
260 _aNew Delhi
_bIndian Institute of Public Administration
_c1996
300 _a96p.
650 _aAPPPA
650 _aRailroad - India
650 _aRailroad - Manpower policy
999 _c481474
_d481474